| 000 | 00470nam a22001937a 4500 | ||
|---|---|---|---|
| 999 |
_c11779 _d11779 |
||
| 003 | OSt | ||
| 008 | 230130b ||||| |||| 00| 0 eng d | ||
| 020 | _a97893560600550 | ||
| 082 | _a658.3 ROE | ||
| 100 | _aROBBINS,Stephen P | ||
| 245 | _aEssentilals of Organizational Behavior | ||
| 250 | _a15th Ed | ||
| 260 |
_aUP _bPearson _c2022 |
||
| 300 | _a436 | ||
| 650 | _aOrganizational Behavior | ||
| 700 | _aJUDGE,Timothy A | ||
| 700 | _aJAMES,PS | ||
| 942 |
_2ddc _cREF |
||